00495nam a2200193 a 4500001001300000003000900013005001700022008004100039020002300080082001900103100001700122245003400139260003200173300000900205500003500214505001200249650002300261700001700284nice12345678IN_TiNIC20260116013030.0050524s1992 dela grp 000 0 eng  a8171588 c45000a297.19787bCHA aChand, Attar aIslam and the New World Order aDelhibAkashdeep Pub.c1992 a379p aincludes index and biblioraphy2 aIndexes aIslam and Politics1 aChand, Attar